| 000 | 00000nam##2200000za#4500 |
| 001 | 9.569062 |
| 003 | CaOODSP |
| 005 | 20210624181602 |
| 007 | cr ||||||||||| |
| 008 | 150406|2000||||xxc|||||o f|0| 0 eng|d |
| 040 | |aCaOODSP|beng |
| 043 | |an-cn--- |
| 086 | 1 |aBT31-4/41-2000E-PDF |
| 110 | 1 |aCanada. |bTreasury Board. |
| 245 | 10|aHazardous Materials Information Review Commission Canada, performance report for the period ending March 31, 2000 |h[electronic resource] |
| 246 | 3 |aHazardous Materials Information Review Commission, Departmental Performance Report for the Period Ending March 31, 2000 |
| 260 | |aOttawa - Ontario : |bTreasury Board of Canada Secretariat |cc2000. |
| 300 | |a33p.|bfigs., graphs, organization chart, tables, index |
| 490 | 1 |aPerformance report for the period ending March 31, 2000 |vFor the period ending March 31, 2000 |
| 500 | |aThe catalogue number (BT31-4/41-2000) and ISBN (0-660-61414-6) for the bilingual print edition have been incorrectly copied in this electronic publication. |
| 590 | |a11-04-Supp|b2011-02-17 |
| 775 | 08|tConseil de contrôle des renseignements relatifs aux matières dangereuses Canada, rapport sur le rendement pour la période se terminant le 31 mars 2000 |w(CaOODSP)9.600302 |
| 776 | 0#|tHazardous Materials Information Review Commission Canada |w(CaOODSP)9.534222 |
| 776 | 0#|tConseil de contrôle des renseignements relatifs aux matières dangereuses Canada |w(CaOODSP)9.534223 |
| 830 | #0|aPerformance report for the period ending March 31, 2000 ;|vFor the period ending March 31, 2000|w(CaOODSP)9.506305 |
| 856 | 40|ahttp://publications.gc.ca|qPDF|s540 KB|uhttps://publications.gc.ca/collections/Collection/BT31-4-41-2000E.pdf|yFor the period ending March 31, 2000 |